[Event "Dundee & Angus op Challengers"]
[Site "Dundee"]
[Date "2009.10.17"]
[Round "2"]
[White "Jacob, Barbara"]
[Black "Allor, Anthony"]
[Result "0-1"]
[WhiteElo "1562"]
[BlackElo "1800"]
[PlyCount "48"]
[EventDate "2009.10.16"]
[EventType "swiss"]
[EventRounds "5"]
[EventCountry "SCO"]
[SourceTitle "EXT 2017"]
[Source "ChessBase"]
[SourceDate "2016.10.25"]
[SourceVersion "1"]
[SourceVersionDate "2016.10.25"]
[SourceQuality "1"]

1. e4 c5 2. d4 cxd4 3. c3 Nf6 4. e5 Nd5 5. cxd4 d6 6. Nf3 Nc6 7. Bc4 e6 8. Bxd5 exd5 9. 0-0 dxe5 10. dxe5 Be7 11. h3 0-0 12. Nc3 Be6 13. Nb5 Qb6 14. Nbd4 a5 15. Be3 Qxb2 16. Rb1 Qxa2 17. Rxb7 Nxd4 18. Qxd4 Bb4 19. Qh4 Qc2 20. Rc1 Qe4 21. Qg3 Qg6 22. Qh4 Rfc8 23. Rcc7 Rxc7 24. Rxc7 Qe4 0-1